Modelování úloh ve vědě a technice

Bibliographic Details
Main Author: Bittner, Karel (Author)
Format: Article
Language:Slovak
Czech
Subjects:

MARC

LEADER 00000nab a2200000 a 4500
001 vtls000862117
003 SK-MaSNL
005 20260304103648.0
008 250429c2003 xo 0 slo
015 |a SNBRB2004/02-04241 
035 |a CLN000213702 
035 |a urn:nbn:sk:snk-abbx3d 
035 |a (urnnbn)urn:nbn:sk:snk:ar-001731 
035 |a (uuid)61ea1ccc-db37-4ce2-8e11-80cf285b86b0 
040 |a SNKBUCL  |b slo  |c SNKBUCL  |e AACR2 
041 0 |a cze 
044 |a xo  |c SK 
080 |a 519.63:004.42  |2 1997 
080 |a 004.9:51  |2 1997 
080 |a 004.42  |2 1997 
100 1 |a Bittner, Karel  |4 aut  |9 457881 
245 1 0 |a Modelování úloh ve vědě a technice  |c Karel Bittner 
300 |b Obr. 
650 0 7 |a metóda konečných prvkov  |2 snkbucl  |9 15028 
650 0 7 |a matematický softvér  |2 snkbucl  |9 1901 
650 0 7 |a FEMLAB (softvér)  |2 snkbucl  |9 18474 
655 7 |a články z novín a časopisov  |2 snkbucl  |9 267496 
773 0 |t AT&P journal  |g Roč. 10, č. 7 (2003), s. 54-55  |x 1335-2237 
850 |a Slovenská národná knižnica 
852 |a Slovenská národná knižnica 
954 |a odborná, vedecká literatúra cudzojazyčná (svetová)  |2 lita 
958 |a article15 
958 |a OND 
958 |a EUIPO 
992 |a RBX 
999 |c 2849430  |d 2851360